书目信息 |
| 题名: |
西方经济学教程
|
|
| 作者: | 许纯祯 | |
| 分册: | ||
| 出版信息: | 长春 吉林大学出版社 |
|
| 页数: | ||
| 开本: | ||
| 丛书名: | ||
| 单 册: | ||
| 中图分类: | F091 | |
| 科图分类: | ||
| 主题词: | 经济思想史 | |
| 电子资源: | ||
| ISBN: | 7-5601-1947-6 | |
| 000 | 00500nam0 2200181 450 | |
| 001 | 0658798515 | |
| 005 | 20061213162050.81 | |
| 010 | @a7-5601-1947-6@dCNY23.50 | |
| 100 | @a20061213d km y0chiy0120 ea | |
| 101 | 0 | @achi |
| 102 | @aCN@b220000 | |
| 200 | 1 | @a西方经济学教程@Axi fang jing ji xue jiao cheng@f许纯祯@Fxu chun zhen |
| 210 | @a长春@c吉林大学出版社 | |
| 606 | 0 | @a经济思想史 |
| 690 | @aF091@v3 | |
| 701 | 0 | @a许纯祯@Axu chun zhen |
| 801 | 0 | @aCN@bNISOFT@c20061213 |
| 905 | @a10447@dF091@eX859 | |
| 西方经济学教程/许纯祯.-长春:吉林大学出版社 |
| ISBN 7-5601-1947-6:CNY23.50 |
| ● |
| 相关链接 |
|
|
|
正题名:西方经济学教程
索取号:F091/X859
 
预约/预借
| 序号 | 登录号 | 条形码 | 馆藏地/架位号 | 状态 | 备注 |
| 1 | 444236 | 204442362 | 管理学院资料室/ [索取号:F091/X859] | 在馆 |